| 000 | 00654nam a22002297a 4500 | ||
|---|---|---|---|
| 999 |
_c9279 _d9279 |
||
| 003 | AR-CdUCM | ||
| 008 | 190327b ||||| |||| 00| 0 spa d | ||
| 040 |
_aMUNICIPALIDAD PROVINCIAL DEL CUSCO _cBIBLIOTECA MUNICIPAL DEL CUSCO |
||
| 041 | _hita | ||
| 082 |
_a858.9 / _bP31 |
||
| 100 |
_aPavese, Cesare _98466 |
||
| 245 | _aAllá en tu Aldea / | ||
| 260 |
_aBuenos Aires : _bGoyanarte ; _c1954. |
||
| 300 |
_a109 páginas ; _c21cm |
||
| 505 | _aContenido: Novela | ||
| 650 |
_aNovela _9572 |
||
| 650 |
_aNovela italiana _910534 |
||
| 650 |
_aSiglo XX _98 |
||
| 700 |
_aCueva, Heman M. (traducción) _925380 |
||
| 942 |
_2ddc _cLIBROS |
||
| 945 | _anom | ||